000 00699nam a2200205Ia 4500
003 IN-BaIIA
008 211028s9999 xx 000 0 eng d
020 _a978-0-19-565829-3
040 _cIIA Library
080 _a82
_bTAG-4
245 0 _aSelected short stories
_cedited by Rabindranath Tagore and Sukanta Chaudhuri
260 _aNew Delhi
_bOxford University Press
_c2010
300 _axiv, 322p.
650 _aEnglish literature and language
_933960
650 _aEssays, stories, poems etc
_933961
650 _aTagore, Rabindranath
_933962
700 _aChaudhuri, Sukanta, ed.
_933963
700 _aTagore, Rabindranath., ed.
_933964
942 _cBK
999 _c17866
_d17866